Activate your english : A short course for adults (intermediate teacher's book)

Tallennettuna:
Bibliografiset tiedot
Päätekijä: Barbara Sinclair
Aineistotyyppi: Kirja
Kieli:Undetermined
Julkaistu: Cambridge, UK Cambridge Univ. Press 1996
Aiheet:
Tagit: Lisää tagi
Ei tageja, Lisää ensimmäinen tagi!
Thư viện lưu trữ: Trung tâm Học liệu Trường Đại học Cần Thơ
LEADER 00621nam a2200205Ia 4500
001 CTU_57419
008 210402s9999 xx 000 0 und d
020 |b 164000 
082 |a 428.24 
082 |b S616 
100 |a Barbara Sinclair 
245 0 |a Activate your english : A short course for adults (intermediate teacher's book) 
245 0 |c Barbara Sinclair and Philip Prowse 
260 |a Cambridge, UK 
260 |b Cambridge Univ. Press 
260 |c 1996 
650 |a english language 
650 |x textbooks for foreign speakers 
904 |i Minh 
980 |a Trung tâm Học liệu Trường Đại học Cần Thơ